000 00829nam a2200241 a 4500
001 000022011
005 20250129142636.0
008 100915s1987 mx ad r 000 0 spa d
020 _a9684093446
040 _aDO-SdBNP
_bspa
_cBNPHU
082 _a333.79
_bR165e
100 1 _aRamage, Janet,
_d1792-1872
_945628
245 1 0 _aEnergía :
_bguía completa de cuanto se sabe acerca de este apasionante tema /
_cJanet Ramage ; traducción Patricia Brown de Cenos.
260 _aMéxico, D. F. :
_bEDAMEX,
_c1987.
300 _a476 p. :
_bil. ;
_c19 cm.
500 _aIncluye notas al pie de las páginas.
650 0 _aEnergía eléctrica
_945629
650 4 _aEnergía eólica
_945630
650 4 _aEnergía nuclear
_934594
650 4 _aEnergía solar
_945631
700 1 _aBrown de Cenos, Patricia,
_etr.
_945632
049 _aBNGR
999 _c21509
_d21509